000 00910nas a2200289 4500
001 BR0801830
003 BR-BrBNA
005 20231205111839.0
007 ta
008 230509b bl.|||p| |||| 00| 00por d
040 _aBR-BrBNA
_bpor
_cBiblioteca Nacional de Agricultura
041 _a(Pt)
072 _aL53
100 1 _aSilva, L.A.F.
100 1 _aFioravanti, M.C.S.
100 1 _aMarques Júnior, A.P.
100 1 _aNogueira, L.A.G.
245 1 _aConcentração plasmática de testosterona em rufiões eqüinos da raça mangalarga
650 _aEQÜINO
650 _aRAÇA
650 _aMANGA LARGA
650 _aTESTOSTERONA
650 _aPERFORMANCE
773 0 _tAnais da Escola de Agronomia e Veterinária - Universidade Federal de Goiás (Brazil)
_xISSN 0100-218X
_g((Jul-Dec 1995), v. 25(2) p. 47-53
_wBR0801830
909 _a202311
_bLúcia
_c55
_dLúcia Elande
942 _2AGRIS
_n0
_cANA
999 _c194779
_d194779